[Event "12. Süder Sommerpokal"]
[Site "Recklinghausen"]
[Date "2001.08.07"]
[Round "4"]
[White "Diebig, Klaus"]
[Black "Stein, Daniel"]
[Result "1/2-1/2"]
[WhiteElo "1849"]
[BlackElo "1601"]
[PlyCount "47"]
[EventDate "2001.??.??"]

1. d4 e6 2. c4 Nf6 3. Nc3 Bb4 4. Bd2 d5 5. e3 O-O 6. Nf3 Nbd7 7. Be2 c5 8. O-O
Ba5 9. Rc1 cxd4 10. exd4 Bc7 11. Qc2 dxc4 12. Bxc4 Nb6 13. Bb3 Bd7 14. Ne5 Rc8
15. Bg5 h6 16. Bh4 Bd6 17. Qd2 Be7 18. f4 Nbd5 19. Nxd5 Nxd5 20. Bxe7 Nxe7 21.
Rxc8 Nxc8 22. d5 Bc6 23. Rd1 exd5 24. Qd3 1/2-1/2

[Event "12. Süder Sommerpokal"]
[Site "Recklinghausen"]
[Date "2001.08.07"]
[Round "4"]
[White "Würtele, Armin"]
[Black "Lietz, Werner"]
[Result "1-0"]
[WhiteElo "1834"]
[BlackElo "1587"]
[PlyCount "81"]
[EventDate "2001.??.??"]

1. Nf3 Nc6 2. d4 d5 3. Bf4 Nf6 4. g3 e6 5. Bg2 Be7 6. O-O O-O 7. c4 b6 8. Nc3
Na5 9. cxd5 Nxd5 10. Nxd5 exd5 11. Rc1 Bd6 12. Bxd6 Qxd6 13. Qc2 c6 14. Rfe1 f5
15. Ne5 c5 16. Nf3 c4 17. e3 Nc6 18. a3 b5 19. Nd2 a5 20. b3 Ba6 21. bxc4 bxc4
22. Nb1 Ne7 23. Nc3 Rab8 24. Rb1 Rfd8 25. Qa4 Rxb1 26. Rxb1 Qc7 27. Qc2 g6 28.
Qb2 Rd6 29. Qb8+ Qxb8 30. Rxb8+ Kf7 31. Kf1 Ke6 32. Ke1 Rc6 33. Kd2 h5 34. h4
Kd6 35. Bxd5 Nxd5 36. Rd8+ Kc7 37. Rxd5 Rb6 38. Rxa5 Kd6 39. Kc2 Kd7 40. Na4
Rc6 41. Rxa6 1-0

[Event "12. Süder Sommerpokal"]
[Site "Recklinghausen"]
[Date "2001.08.07"]
[Round "4"]
[White "Kuznesov, Mark"]
[Black "Wachovius, Hans-Werner"]
[Result "0-1"]
[WhiteElo "1112"]
[BlackElo "1824"]
[PlyCount "50"]
[EventDate "2001.??.??"]

1. e4 e6 2. d4 d5 3. e5 c5 4. c3 Qb6 5. Nf3 Nc6 6. b3 cxd4 7. cxd4 Bb4+ 8. Bd2
Nxd4 9. Nxd4 Qxd4 10. Bb5+ Bd7 11. Bxd7+ Kxd7 12. Nc3 Bxc3 13. Bxc3 Qxc3+ 14.
Kf1 Rc8 15. g3 Ne7 16. Kg2 Qxe5 17. Re1 Qf6 18. Qe2 a6 19. b4 Rc4 20. a3 Rhc8
21. Red1 Rc2 22. Qd3 Qxf2+ 23. Kh3 Qxh2+ 24. Kg4 R8c4+ 25. Kf3 Qf2# 0-1

[Event "12. Süder Sommerpokal"]
[Site "Recklinghausen"]
[Date "2001.08.07"]
[Round "4"]
[White "Steinhagen, Dietrich"]
[Black "Zhang, Fan"]
[Result "1-0"]
[WhiteElo "1819"]
[BlackElo "1567"]
[PlyCount "57"]
[EventDate "2001.??.??"]

1. d4 Nf6 2. Nf3 e6 3. Bf4 d5 4. e3 c5 5. c3 Nc6 6. Nbd2 cxd4 7. exd4 Be7 8.
Bd3 Bd7 9. O-O O-O 10. h3 Rc8 11. Ne5 a6 12. Nxd7 Qxd7 13. a4 Qd8 14. Qe2 Qb6
15. Nf3 Na5 16. Ne5 h6 17. Rab1 Qd8 18. Rfe1 Nd7 19. Bc2 Nf6 20. Qd3 Re8 21.
Ng4 Nc4 22. Be5 Nb6 23. Bxf6 Bxf6 24. Qh7+ Kf8 25. Re3 Nc4 26. Rf3 Nd2 27. Rxf6
Nxb1 28. Ne5 Rc7 29. Ng6# 1-0

[Event "12. Süder Sommerpokal"]
[Site "Recklinghausen"]
[Date "2001.08.07"]
[Round "4"]
[White "Günnewig, Hans-Norbert"]
[Black "Hoecker, Horst"]
[Result "1-0"]
[WhiteElo "2037"]
[BlackElo "1506"]
[PlyCount "39"]
[EventDate "2001.??.??"]

1. e4 c5 2. Nf3 d6 3. d3 Nc6 4. g3 g6 5. Bg2 Bg7 6. O-O Nf6 7. c3 O-O 8. Nbd2
a6 9. Nh4 e5 10. Qe1 b5 11. f4 exf4 12. gxf4 c4 13. d4 d5 14. e5 Nh5 15. f5 g5
16. f6 Bh6 17. Ndf3 Kh8 18. Bxg5 Bxg5 19. Nxg5 Rg8 20. Nxf7# 1-0

[Event "12. Süder Sommerpokal"]
[Site "Recklinghausen"]
[Date "2001.08.07"]
[Round "4"]
[White "Lange, Hans-Werner"]
[Black "Deinert, Wolfgang"]
[Result "0-1"]
[WhiteElo "1472"]
[BlackElo "1771"]
[PlyCount "120"]
[EventDate "2001.??.??"]

1. d4 d5 2. Nf3 Nf6 3. h3 c5 4. dxc5 Qa5+ 5. c3 Qxc5 6. Bf4 Nc6 7. e3 e6 8.
Nbd2 Be7 9. Be2 Bd7 10. Rc1 Rc8 11. O-O O-O 12. a3 a5 13. b4 axb4 14. axb4 Qb6
15. Qb3 Ra8 16. Ra1 Ra7 17. Rxa7 Qxa7 18. Qb2 Ra8 19. Nb3 Qa2 20. Rb1 Ne4 21.
Nc5 Qxb2 22. Rxb2 Ra1+ 23. Kh2 Nxf2 24. Nxd7 Rh1+ 25. Kg3 Ne4+ 26. Kg4 f5+ 27.
Kh5 Nf6+ 28. Nxf6+ Bxf6 29. Bg5 Bxc3 30. Rb3 g6+ 31. Kh4 Be1+ 32. Nxe1 Rxe1 33.
Bb5 Ne5 34. Bf4 Nf7 35. Be8 d4 36. Bxf7+ Kxf7 37. exd4 Re4 38. Kg3 Rxd4 39. Be3
Rc4 40. Bc5 g5 41. Ra3 h5 42. Ra7 f4+ 43. Kh2 e5 44. Rxb7+ Kf6 45. Bb6 g4 46.
hxg4 hxg4 47. g3 Rc2+ 48. Kg1 f3 49. Be3 Rg2+ 50. Kf1 Rxg3 51. Rh7 Rg2 52. b5
Rb2 53. Bg1 Rxb5 54. Kf2 Rb2+ 55. Ke3 Re2+ 56. Kd3 g3 57. Bb6 e4+ 58. Kc3 f2
59. Bd4+ Kg6 60. Rg7+ Kh6 0-1

[Event "12. Süder Sommerpokal"]
[Site "Recklinghausen"]
[Date "2001.08.07"]
[Round "4"]
[White "Klutschko, Oleg"]
[Black "Kiefer, Johannes"]
[Result "0-1"]
[WhiteElo "1233"]
[BlackElo "1704"]
[PlyCount "103"]
[EventDate "2001.??.??"]

1. e4 c5 2. Nf3 g6 3. Bc4 Bg7 4. d3 a6 5. a4 Nc6 6. c3 Rb8 7. Be3 d6 8. h3 e6
9. d4 cxd4 10. Nxd4 Nge7 11. Nd2 Nxd4 12. cxd4 d5 13. Be2 dxe4 14. Nb3 Nf5 15.
a5 Nxe3 16. fxe3 Qh4+ 17. Kd2 Bh6 18. Nc5 O-O 19. Qb3 Rd8 20. Ra4 Rd5 21. Nxa6
Bxe3+ 22. Qxe3 bxa6 23. Rb1 Bd7 24. Rc4 Rd8 25. Bg4 Bb5 26. g3 Qe7 27. Rc3
Rxd4+ 28. Ke1 Qb4 29. Kf2 Bd3 30. Rd1 Qxb2+ 31. Qd2 Qxd2+ 32. Rxd2 Bb5 33. Rdc2
h5 34. Be2 Rd2 35. Rxd2 Rxd2 36. Re3 Rxe2+ 37. Rxe2 Bxe2 38. Kxe2 f5 39. Ke3
Kf7 40. Kf4 Kf6 41. h4 e5+ 42. Ke3 Ke6 43. Kd2 Kd5 44. Kc3 f4 45. Kd2 Kd4 46.
Ke2 f3+ 47. Kf2 Kd3 48. Ke1 e3 49. Kf1 Kd2 50. Kg1 e4 51. Kh2 f2 52. Kh3 0-1

[Event "12. Süder Sommerpokal"]
[Site "Recklinghausen"]
[Date "2001.08.07"]
[Round "4"]
[White "Ünlü, Murat"]
[Black "Rausch, Peter"]
[Result "1-0"]
[WhiteElo "1672"]
[BlackElo "1478"]
[PlyCount "97"]
[EventDate "2001.??.??"]

1. e4 e5 2. f4 d5 3. exd5 e4 4. Qe2 Nf6 5. Nc3 Qe7 6. b3 a6 7. Bb2 Bf5 8. h3 h6
9. O-O-O Nbd7 10. g4 Bh7 11. Bg2 Nc5 12. Re1 O-O-O 13. f5 Qd7 14. Nxe4 Ncxe4
15. Bxe4 Nxd5 16. Nf3 f6 17. Bxd5 Qxd5 18. Qe6+ Kb8 19. Qxd5 Rxd5 20. Re8+ Ka7
21. Rhe1 Rg8 22. Rc8 Bd6 23. Rxg8 Bxg8 24. d4 Bf4+ 25. Kb1 Rd7 26. c4 Bh7 27.
d5 g6 28. Nd4 Be5 29. fxg6 Bxg6+ 30. Nf5 Bxf5+ 31. gxf5 Bxb2 32. Kxb2 Rg7 33.
Re6 Rg2+ 34. Ka3 Rh2 35. Rxf6 Rxh3 36. c5 Rd3 37. d6 cxd6 38. cxd6 h5 39. Rh6
Rd5 40. f6 Rxd6 41. f7 Rd8 42. Rxh5 Rf8 43. Rf5 b6 44. Kb4 Kb7 45. Kc4 Kc7 46.
Kd5 Kd7 47. Rf6 a5 48. Rxb6 Kc7 49. Rf6 1-0

[Event "12. Süder Sommerpokal"]
[Site "Recklinghausen"]
[Date "2001.08.07"]
[Round "4"]
[White "Shalimov, Vitalij"]
[Black "Oberste, Norbert"]
[Result "1-0"]
[WhiteElo "1409"]
[BlackElo "1624"]
[PlyCount "109"]
[EventDate "2001.??.??"]

1. d4 f5 2. c4 c6 3. Nc3 e6 4. Nf3 d5 5. cxd5 exd5 6. Qc2 Nf6 7. Bg5 Bd6 8. e3
O-O 9. Bd3 h6 10. Bh4 g5 11. Bg3 Ne4 12. Bxd6 Qxd6 13. Ne5 Nd7 14. Nxd7 Bxd7
15. f3 Nxc3 16. bxc3 Rae8 17. Kf2 Qe7 18. Rae1 Rf6 19. Re2 Be6 20. Rb1 b6 21.
Qa4 Qc7 22. Rh1 Bd7 23. Qc2 h5 24. c4 dxc4 25. Bxc4+ Be6 26. Bxe6+ Rfxe6 27.
Qxf5 Qe7 28. Qd3 h4 29. Rc1 Qd6 30. Kg1 Qe7 31. d5 cxd5 32. Qxd5 Rd8 33. Qb3
Kg7 34. Rd1 Rxd1+ 35. Qxd1 Qc5 36. Kf2 Kf6 37. Qd4+ Qe5 38. Qd8+ Kf7 39. g3
hxg3+ 40. hxg3 Re7 41. Qc8 Qd6 42. Qf5+ Qf6 43. Qd5+ Kg7 44. Rc2 Rf7 45. Qd4
Qxd4 46. exd4 Rd7 47. Rd2 Kf6 48. f4 Kf5 49. fxg5 Kxg5 50. Kf3 Kf5 51. g4+ Kg5
52. d5 Rf7+ 53. Ke4 Re7+ 54. Kd4 Kxg4 55. d6 1-0

[Event "12. Süder Sommerpokal"]
[Site "Recklinghausen"]
[Date "2001.08.07"]
[Round "4"]
[White "Sprewitz, Ingo"]
[Black "Krassontowitsch, Valentin"]
[Result "1-0"]
[WhiteElo "1562"]
[BlackElo "1020"]
[PlyCount "133"]
[EventDate "2001.??.??"]

1. e4 e5 2. Nf3 Nc6 3. Bb5 d6 4. d4 exd4 5. Nxd4 Bd7 6. Nxc6 Bxc6 7. Bxc6+ bxc6
8. Nc3 Nf6 9. O-O Be7 10. Re1 O-O 11. Bg5 h6 12. Bh4 Re8 13. Qf3 Qd7 14. h3
Rad8 15. Rad1 d5 16. exd5 Nxd5 17. Nxd5 Bxh4 18. Rxe8+ Qxe8 19. Ne3 Rxd1+ 20.
Qxd1 Qe6 21. Qg4 Qf6 22. g3 Bg5 23. Qc8+ Kh7 24. Qf5+ Qg6 25. f4 Bf6 26. c3 a5
27. Kf2 a4 28. Qxg6+ Kxg6 29. Nc4 Kf5 30. Ke3 g5 31. g4+ Ke6 32. fxg5 hxg5 33.
Ke4 c5 34. a3 Be7 35. Na5 Kd6 36. Nc4+ Ke6 37. Na5 Bd6 38. b3 axb3 39. Nxb3 c4
40. Nd4+ Kd7 41. a4 c5 42. Nf5 Bc7 43. Kd5 Ba5 44. Kxc4 Kc7 45. Nh6 Kd7 46.
Nxf7 Ke6 47. Nxg5+ Kf6 48. Nf3 Kg6 49. Kxc5 Bxc3 50. Kb6 Bb2 51. a5 Bc1 52. a6
Be3+ 53. Kb7 Kh6 54. a7 Bxa7 55. Kxa7 Kg6 56. Kb6 Kh6 57. Kc6 Kg6 58. Kd6 Kf6
59. h4 Kg6 60. Ke6 Kh6 61. Kf6 Kh7 62. g5 Kh8 63. g6 Kg8 64. g7 Kh7 65. Kf7 Kh6
66. g8=Q Kh5 67. Qg5# 1-0

[Event "12. Süder Sommerpokal"]
[Site "Recklinghausen"]
[Date "2001.08.07"]
[Round "4"]
[White "Nioduschewski, Nils"]
[Black "Arfert, Peter"]
[Result "0-1"]
[WhiteElo "1212"]
[BlackElo "1469"]
[PlyCount "36"]
[EventDate "2001.??.??"]

1. e4 c5 2. Nf3 Nc6 3. Nc3 g6 4. Bc4 Bg7 5. O-O e6 6. d3 a6 7. Be3 Nd4 8. Rb1
Ne7 9. Na4 Nxf3+ 10. Qxf3 b5 11. Nxc5 bxc4 12. dxc4 O-O 13. e5 Rb8 14. b3 Bxe5
15. Rbd1 Qc7 16. g3 d6 17. Ne4 Bb7 18. Bg5 f5 0-1

[Event "12. Süder Sommerpokal"]
[Site "Recklinghausen"]
[Date "2001.08.07"]
[Round "4"]
[White "Jungbluth, Michael"]
[Black "Selbach, Sascha"]
[Result "0-1"]
[WhiteElo "1465"]
[BlackElo "1199"]
[PlyCount "48"]
[EventDate "2001.??.??"]

1. d4 Nf6 2. c4 g6 3. Nc3 d5 4. Nf3 Bg7 5. Bf4 c6 6. e3 O-O 7. Bd3 Nh5 8. Bg5
Na6 9. cxd5 cxd5 10. Qb3 Nc7 11. O-O Nf6 12. Rac1 e6 13. Rc2 Nce8 14. Rfc1 b6
15. Nb5 Bd7 16. Ne5 Bxb5 17. Bxb5 Nd6 18. Bc6 Rc8 19. Nd7 Rxc6 20. Nxf6+ Bxf6
21. Rxc6 Bxg5 22. Rc7 Qb8 23. f4 Bf6 24. Qa3 Nb5 0-1

[Event "12. Süder Sommerpokal"]
[Site "Recklinghausen"]
[Date "2001.08.07"]
[Round "4"]
[White "Rolle, Harald"]
[Black "Kötz, Jan"]
[Result "1-0"]
[WhiteElo "1418"]
[BlackElo "1150"]
[PlyCount "45"]
[EventDate "2001.??.??"]

1. e4 c6 2. d4 d5 3. e5 Bf5 4. f4 h6 5. g4 Be4 6. Nf3 e6 7. h4 Bb4+ 8. c3 Ba5
9. Nbd2 Bh7 10. Bh3 Ne7 11. Qe2 O-O 12. h5 Nd7 13. Nb3 Bb6 14. Be3 Rc8 15. Qf2
a6 16. Rg1 Kh8 17. g5 Ng8 18. Qg2 Be4 19. gxh6 g6 20. hxg6 Bxg6 21. Bxe6 Qe7
22. Bh3 Be4 23. Qg7# 1-0